|
|
|
|
| LEADER |
00000nab#a22000007a#4500 |
| 001 |
arbauad004051 |
| 003 |
AR-BaUAD |
| 005 |
20250711110619.0 |
| 008 |
940408|||||||||###||||||b###|0###a|spa|| |
| 040 |
|
|
|a AR-BaUAD
|c AR-BaUAD
|b spa
|
| 100 |
|
|
|a Jonson, Lotta
|
| 245 |
|
|
|a A Palace for underwear /
|c Lotta Jonson;
|
| 300 |
0 |
|
|b fot.
|
| 500 |
|
|
|a Palacio de indumentaria underwerar en Estocolmo (Suecia)
|
| 653 |
|
|
|a SUECIA
|
| 653 |
|
|
|a ROPA INTERIOR
|
| 653 |
|
|
|a LENCERIA
|
| 773 |
0 |
|
|t Form Designtidskriften
|g no. 6 [1993], p. 66-73
|
| 942 |
|
|
|c ARTI
|
| 952 |
|
|
|0 0
|1 0
|4 0
|7 0
|9 48971
|a AR-BAuAD
|b AR-BAuAD
|d 2025-07-11
|l 0
|p AAQA004051
|r 2025-07-11 11:06:19
|w 2025-07-11
|y ARTI
|
| 990 |
|
|
|a DT199
|b TD
|
| 998 |
|
|
|a AAQ
|b BIBUN76
|
| 999 |
|
|
|c 28644
|d 28644
|